|
|
|
|
| LEADER |
01072nam a22002657a 4500 |
| 001 |
AAL1021 |
| 003 |
BD-DhAAL |
| 005 |
20160114195555.0 |
| 008 |
160114s 1998bd a|||| b||| 001 0 eng d |
| 020 |
|
|
|a 9840514113
|
| 082 |
|
|
|a 320.60949742
|
| 100 |
|
|
|a Rashid, Haroun
|9 17369
|
| 245 |
|
|
|a Conflict of cultures :
|b lessons from Bosnia /
|c Haroun Rashid
|
| 250 |
|
|
|a 1st ed.
|
| 260 |
|
|
|a Dhaka :
|b University Press Limited,
|c 1998.
|
| 300 |
|
|
|a xiv, 203 p. :
|b ill. ;
|c 21 cm.
|
| 504 |
|
|
|6 Includes bibliography and index.
|
| 541 |
|
|
|e 1021
|
| 650 |
|
|
|a Ethnic conflict
|z Bosnia and Herzegovina.
|9 17370
|
| 650 |
|
|
|a Muslims
|z Bosnia and Herzegovina.
|9 17371
|
| 650 |
|
|
|a Yugoslav War, 1991-1995
|9 17372
|
| 942 |
|
|
|2 ddc
|c BK
|
| 999 |
|
|
|c 36614
|d 36614
|
| 952 |
|
|
|0 0
|1 0
|2 ddc
|4 0
|6 320_609497420000000_RAS
|7 0
|9 57605
|a SCL
|b SCL
|c GEN
|d 2016-01-14
|g 425.00
|l 0
|o 320.60949742 RAS
|p 3020001021
|r 2016-01-14
|t 1
|w 2016-01-14
|y BK
|
| 952 |
|
|
|0 0
|1 0
|2 ddc
|4 0
|6 320_609497420000000_RAS
|7 0
|9 57606
|a SCL
|b SCL
|c GEN
|d 2016-01-14
|g 425.00
|l 0
|o 320.60949742 RAS
|p 3020000486
|r 2016-01-14
|t 2
|w 2016-01-14
|y BK
|